000 00585nam a2200205Ia 4500
003 OSt
005 20260202120405.0
008 210210b xxu||||| |||| 00| 0 eng d
040 _cAL
041 _aKannada
082 _a852/696
100 _aMAHADEVA DESAYI
_9160390
_dಮಹಾದೇವ ದೇಸಾಯಿ
245 _aGadinadinalli:
_bಗಡಿನಾಡಿನಲ್ಲಿ
260 _aBengaluru
_bGandhi Sahitya Sanga
300 _a94
690 _aKannada Prose
_9160391
700 _aPYARELAL
_9160392
_dಪ್ಯಾರೆಲಾಲ್ .
906 _a019261
942 _2ddc
_cBK
999 _c143382
_d143382